00333nam a2200145Ia 45000030006000000080041000060400015000471000024000622450022000862500006001082600036001143000006001505460014001560050017001700STCL150530s9999 xx 000 0 und d aSTCLcSTCL aVasudevan Moosath K aRajasthana Simham a1 bBharatha Vilasam; Trichurc1946 a0 aMalayalam20220125171825.0